[Event "28th WSCC2018 - Open 65+"]
[Site "Bled"]
[Date "2018.11.19"]
[Round "2.1"]
[White "Vaisser, Anatoli"]
[Black "Vinke, Dietmar"]
[Result "1-0"]
[WhiteElo "2504"]
[BlackElo "2163"]
[PlyCount "131"]
[EventDate "2018.11.18"]

1. d4 Nf6 2. c4 g6 3. Nc3 Bg7 4. e4 d6 5. f4 O-O 6. Nf3 e5 7. dxe5 dxe5 8. Qxd8
Rxd8 9. Nxe5 Nxe4 10. Nxe4 f6 11. Nf3 Re8 12. Kf2 Rxe4 13. Bd3 Re8 14. f5 gxf5
15. Nh4 Nc6 16. Bxf5 Ne5 17. Bf4 Bxf5 18. Nxf5 Nd3+ 19. Kf3 Nxf4 20. Kxf4 Re2
21. Kf3 Rae8 22. Rad1 Bf8 23. Rd8 Rxd8 24. Kxe2 Kf7 25. Rf1 c6 26. Rf3 Re8+ 27.
Re3 Rd8 28. Rb3 Rd7 29. Rd3 Rxd3 30. Kxd3 Kg6 31. Ke4 Kg5 32. h3 h5 33. Nd4 Be7
34. Ne6+ Kg6 35. b3 a6 36. c5 h4 37. Kf4 a5 38. Ke4 f5+ 39. Ke5 Bf6+ 40. Kd6 f4
41. Nxf4+ Kf5 42. Ne2 Be5+ 43. Kd7 Ke4 44. Ng1 Kd5 45. Nf3 Bf6 46. Kc7 Kxc5 47.
Kxb7 Kb4 48. Kxc6 Ka3 49. Kb5 Kxa2 50. b4 axb4 51. Kxb4 Kb2 52. Kc4 Kc2 53. Kd5
Kd3 54. Ke6 Bd8 55. Kf5 Ke3 56. Kg4 Kf2 57. Nxh4 Bc7 58. Ng6 Kxg2 59. h4 Ba5
60. h5 Bd2 61. Nf4+ Kf2 62. h6 Bc3 63. Kf5 Bd2 64. h7 Bc3 65. Nd3+ Ke3 66. Ne5
1-0

[Event "28th WSCC2018 - Open 65+"]
[Site "Bled"]
[Date "2018.11.19"]
[Round "2.3"]
[White "Rashkovsky, Nukhim N"]
[Black "Raikin, Leonid"]
[Result "1-0"]
[WhiteElo "2482"]
[BlackElo "2144"]
[PlyCount "59"]
[EventDate "2018.11.18"]

1. e4 c6 2. d3 d5 3. Qe2 dxe4 4. dxe4 e5 5. Nf3 Qc7 6. Nbd2 Be7 7. Nc4 Nd7 8.
Bd2 b5 9. Ba5 Qb8 10. Ne3 g6 11. h4 Ngf6 12. h5 Nxh5 13. Rxh5 gxh5 14. Nf5 Bf6
15. O-O-O O-O 16. Rd6 Kh8 17. Qd2 Rg8 18. Nh6 Rg6 19. Nxf7+ Kg7 20. Rxd7 Bxd7
21. Qxd7 Qe8 22. N7xe5+ Qxd7 23. Nxd7 Bg5+ 24. Nxg5 Rxg5 25. Bc3+ Kg8 26. g3
Rg6 27. Nf6+ Kf7 28. Nxh5 Rd8 29. Bd3 Rg5 30. Bf6 1-0

[Event "28th WSCC2018 - Open 65+"]
[Site "Bled"]
[Date "2018.11.19"]
[Round "2.4"]
[White "Titz, Heimo"]
[Black "Balashov, Yuri S"]
[Result "0-1"]
[WhiteElo "2161"]
[BlackElo "2445"]
[PlyCount "70"]
[EventDate "2018.11.18"]

1. c4 c5 2. Nf3 Nc6 3. Nc3 e5 4. g3 g6 5. Bg2 Bg7 6. d3 Nge7 7. O-O d6 8. Rb1
O-O 9. a3 a5 10. Bd2 Rb8 11. Ne1 Be6 12. Nc2 d5 13. cxd5 Nxd5 14. Nxd5 Bxd5 15.
Bxd5 Qxd5 16. Ne3 Qe6 17. b4 axb4 18. axb4 cxb4 19. Bxb4 Rfd8 20. f3 b5 21. Bd2
f5 22. Qe1 Nd4 23. Kg2 Ra8 24. Rf2 Ra2 25. Ra1 Rda8 26. Rxa2 Rxa2 27. Nf1 e4
28. dxe4 fxe4 29. f4 Nc2 30. Qc1 b4 31. Ne3 b3 32. Nxc2 Rxc2 33. Qd1 Qd5 34. e3
Bc3 35. Qg4 Bxd2 0-1

[Event "28th WSCC2018 - Open 65+"]
[Site "Bled"]
[Date "2018.11.19"]
[Round "2.5"]
[White "Jansa, Vlastimil"]
[Black "Iudicello, Giovanni"]
[Result "1-0"]
[WhiteElo "2437"]
[BlackElo "2138"]
[PlyCount "105"]
[EventDate "2018.11.18"]

1. e4 e5 2. Nf3 Nc6 3. Bb5 a6 4. Ba4 Nf6 5. O-O Be7 6. Re1 b5 7. Bb3 d6 8. c3
O-O 9. h3 Na5 10. Bc2 c5 11. d4 Qc7 12. Nbd2 cxd4 13. cxd4 Nc6 14. Nb3 a5 15.
Be3 a4 16. Nbd2 Bd7 17. Rc1 Qb7 18. a3 Rfe8 19. Bb1 h6 20. Qe2 Bd8 21. dxe5
Nxe5 22. Nxe5 dxe5 23. Bc5 Bc6 24. Rc3 Ba5 25. Bb4 Bxb4 26. axb4 Rad8 27. Nf3
Rd6 28. Bd3 Nh5 29. g3 Nf6 30. Rxc6 Rxc6 31. Bxb5 Rcc8 32. Bxe8 Rxe8 33. b5 Nd7
34. Qc4 Rb8 35. Rd1 Nb6 36. Qc6 Qe7 37. Qc3 f6 38. Nh4 Rc8 39. Nf5 Qf8 40. Qe3
Rb8 41. Nd6 Nc8 42. Qc5 Nxd6 43. Rxd6 Rxb5 44. Qxb5 Qxd6 45. Qxa4 Qd2 46. Qc4+
Kf8 47. b4 Ke7 48. Kg2 Qd7 49. b5 Qd6 50. h4 h5 51. Qg8 Qb4 52. Qxg7+ Ke6 53.
Qb7 1-0

[Event "28th WSCC2018 - Open 65+"]
[Site "Bled"]
[Date "2018.11.19"]
[Round "2.6"]
[White "Srebrnic, Vojko"]
[Black "Birnboim, Nathan"]
[Result "1/2-1/2"]
[WhiteElo "2140"]
[BlackElo "2376"]
[PlyCount "84"]
[EventDate "2018.11.18"]

1. e4 Nf6 2. e5 Nd5 3. c4 Nb6 4. c5 Nd5 5. Nc3 Nxc3 6. dxc3 d6 7. cxd6 exd6 8.
Nf3 Nc6 9. Bb5 Bd7 10. exd6 Bxd6 11. Qe2+ Qe7 12. Qxe7+ Kxe7 13. O-O Rhe8 14.
Bg5+ Kf8 15. Rfe1 a6 16. Bd3 h6 17. Be3 Rad8 18. Rad1 Be6 19. Bb1 Ne7 20. Nd4
Bg4 21. f3 Bc8 22. Bf2 c5 23. Nb3 b6 24. Bg3 Bxg3 25. hxg3 Be6 26. Bc2 Nf5 27.
Kf2 Nd6 28. Nc1 Nc4 29. b3 Na3 30. Be4 Rxd1 31. Rxd1 Ke7 32. Ne2 Nb5 33. Bc6
Rb8 34. Bxb5 axb5 35. Nf4 Ra8 36. Rd2 Ra7 37. Re2 Ra3 38. Nxe6 fxe6 39. Ke3 Kd6
40. Kd3 Kd5 41. Rd2 c4+ 42. Kc2+ Kc6 1/2-1/2

[Event "28th WSCC2018 - Open 65+"]
[Site "Bled"]
[Date "2018.11.19"]
[Round "2.7"]
[White "Van Oosten, Arend"]
[Black "Vogt, Lothar"]
[Result "1/2-1/2"]
[WhiteElo "2137"]
[BlackElo "2359"]
[PlyCount "86"]
[EventDate "2018.11.18"]

1. e4 c5 2. Nc3 Nc6 3. g3 g6 4. Bg2 Bg7 5. d3 d6 6. Be3 e6 7. Qd2 Qa5 8. Nge2
Nd4 9. O-O Ne7 10. Nc1 Bd7 11. Nb3 Qb4 12. Rab1 Nec6 13. Nc1 O-O 14. f4 Rae8
15. Qf2 Qa5 16. Nd1 Ne7 17. c3 Ndc6 18. Bd2 Qc7 19. Ne3 f5 20. Ne2 e5 21. exf5
Nxf5 22. Nd5 Qd8 23. Be4 Nfe7 24. Qg2 Nxd5 25. Bxd5+ Kh8 26. fxe5 Nxe5 27. Nf4
Bc6 28. Rbe1 Qd7 29. b3 Bxd5 30. Nxd5 Nxd3 31. Rxf8+ Rxf8 32. Re7 Qf5 33. Ne3
Qf2+ 34. Qxf2 Rxf2 35. Nf1 Rf8 36. Rxb7 a5 37. Ra7 Ne5 38. Kg2 Nf3 39. Bf4 Ne1+
40. Kh3 Bxc3 41. Ne3 Bd4 42. Bh6 Re8 43. Nc4 d5 1/2-1/2

[Event "28th WSCC2018 - Open 65+"]
[Site "Bled"]
[Date "2018.11.19"]
[Round "2.8"]
[White "Renman, Nils-Gustaf"]
[Black "Haubt, Georg"]
[Result "1-0"]
[WhiteElo "2351"]
[BlackElo "2136"]
[PlyCount "62"]
[EventDate "2018.11.18"]

1. d4 Nf6 2. Nf3 e6 3. c4 c5 4. d5 exd5 5. cxd5 d6 6. Nc3 g6 7. e4 Bg7 8. Nd2
O-O 9. Be2 Nbd7 10. O-O Ne5 11. Nb3 Qb6 12. h3 h6 13. Be3 g5 14. Qc2 Bd7 15.
Nd2 Qd8 16. f4 gxf4 17. Bxf4 Ne8 18. Nf3 f5 19. Qd2 Qf6 20. Nxe5 dxe5 21. Be3
b6 22. exf5 Bxf5 23. g4 Qg6 24. Kh2 Bd7 25. Bd3 Qd6 26. Rxf8+ Bxf8 27. Rf1 Nf6
28. Qg2 Bg7 29. Ne4 Qe7 30. d6 Nxg4+ 31. Qxg4 Qd8 1-0

[Event "28th WSCC2018 - Open 65+"]
[Site "Bled"]
[Date "2018.11.19"]
[Round "2.9"]
[White "Malmdin, Nils-Ake"]
[Black "Berkovich, Mark A"]
[Result "1/2-1/2"]
[WhiteElo "2126"]
[BlackElo "2339"]
[PlyCount "86"]
[EventDate "2018.11.18"]

1. e4 c6 2. d4 d5 3. e5 c5 4. Nf3 Nc6 5. c4 cxd4 6. cxd5 Qxd5 7. Nc3 Qd8 8. Nb5
Bg4 9. Nbxd4 Bxf3 10. Nxf3 Qxd1+ 11. Kxd1 Rd8+ 12. Bd2 e6 13. Bb5 Nge7 14. Ke2
a6 15. Bxc6+ Nxc6 16. Bc3 Bc5 17. Rhd1 Ke7 18. Rac1 Rxd1 19. Rxd1 Rc8 20. a3
Ke8 21. Ng5 Ne7 22. Ne4 Nd5 23. Bd2 Be7 24. Rc1 Rxc1 25. Bxc1 Kd7 26. Kd3 Kc6
27. g3 b5 28. Bg5 f6 29. exf6 gxf6 30. Bc1 f5 31. Ng5 Bxg5 32. Bxg5 Nb6 33. b3
Kd5 34. f3 Nd7 35. Be3 Ne5+ 36. Ke2 h5 37. h3 a5 38. a4 bxa4 39. bxa4 Nc4 40.
Bf2 e5 41. Be1 Kd4 42. Bf2+ Kd5 43. Be1 Kd4 1/2-1/2

[Event "28th WSCC2018 - Open 65+"]
[Site "Bled"]
[Date "2018.11.19"]
[Round "2.10"]
[White "Lisenko, Alexander V"]
[Black "Gal, Moshe"]
[Result "1-0"]
[WhiteElo "2334"]
[BlackElo "2116"]
[PlyCount "61"]
[EventDate "2018.11.18"]

1. c4 c5 2. Nc3 Nc6 3. g3 g6 4. Bg2 Bg7 5. Nf3 e6 6. h4 h6 7. d3 Nge7 8. Bf4 d5
9. cxd5 exd5 10. Qc1 Be6 11. O-O Rc8 12. Nb5 Kf8 13. Nd6 Rc7 14. e4 Nd4 15.
Nxd4 cxd4 16. Nxf7 Rxc1 17. Nxd8 Rxf1+ 18. Kxf1 Bc8 19. exd5 Ke8 20. Ne6 Bf6
21. Rc1 Kf7 22. Rc7 Bxe6 23. dxe6+ Kxe6 24. Rxb7 g5 25. hxg5 hxg5 26. Bd2 Nc8
27. Bf3 Kf5 28. Rb5+ Kg6 29. Be4+ Kh5 30. Bb4 Nb6 31. Rf5 1-0

[Event "28th WSCC2018 - Open 65+"]
[Site "Bled"]
[Date "2018.11.19"]
[Round "2.11"]
[White "Yakimenko, Alexander A"]
[Black "Shirazi, Kamran"]
[Result "0-1"]
[WhiteElo "2125"]
[BlackElo "2333"]
[PlyCount "82"]
[EventDate "2018.11.18"]

1. e4 e5 2. Nf3 Nc6 3. Bb5 a6 4. Ba4 g6 5. c3 d6 6. h3 Bg7 7. d4 Bd7 8. O-O
Nge7 9. d5 Nb8 10. Bxd7+ Nxd7 11. c4 h6 12. Nc3 f5 13. Bd2 O-O 14. b4 Nf6 15.
Qc2 Qd7 16. Nh2 g5 17. f3 g4 18. exf5 g3 19. Ng4 Nxf5 20. Ne4 Nh5 21. c5 Nf4
22. c6 bxc6 23. dxc6 Qe6 24. Qb3 d5 25. Bxf4 exf4 26. Rad1 Rad8 27. Rfe1 Nd4
28. Nef6+ Rxf6 29. Rxe6 Rxe6 30. Qd3 h5 31. Nf6+ Bxf6 32. Qg6+ Bg7 33. Qxh5 Nc2
34. Rf1 Ne3 35. Qg5 Rf6 36. Rb1 d4 37. Rb2 Rd5 38. Qh4 d3 39. Rd2 Rxc6 40. Rd1
Nxd1 41. Qxf4 Ne3 0-1

[Event "28th WSCC2018 - Open 65+"]
[Site "Bled"]
[Date "2018.11.19"]
[Round "2.12"]
[White "Gundersen, Helge"]
[Black "Karasev, Vladimir I"]
[Result "1-0"]
[WhiteElo "2109"]
[BlackElo "2314"]
[PlyCount "81"]
[EventDate "2018.11.18"]

1. Nf3 d6 2. e4 c5 3. b3 Nc6 4. Bb2 e5 5. g3 g5 6. d3 Bg7 7. h4 g4 8. Nfd2 h5
9. a4 Nge7 10. Na3 Be6 11. Bg2 O-O 12. Qe2 Nd4 13. Qe3 f5 14. exf5 Nexf5 15.
Qg5 Qxg5 16. hxg5 d5 17. Rxh5 Nf3+ 18. Bxf3 gxf3 19. O-O-O Nd4 20. Nb5 Nxb5 21.
axb5 Kf7 22. Re1 Kg6 23. Rh4 Bd7 24. c4 d4 25. Ne4 b6 26. Kc2 a6 27. bxa6 Rxa6
28. Reh1 Bf5 29. Nxc5 bxc5 30. Rh6+ Bxh6 31. Rxh6+ Kg7 32. Rxa6 Rh8 33. Rh6 e4
34. Rxh8 exd3+ 35. Kd2 Kxh8 36. Ba3 Kg7 37. Bxc5 Kg6 38. Bxd4 Kxg5 39. Ke3 Kg4
40. Bc3 Bg6 41. b4 1-0

[Event "28th WSCC2018 - Open 65+"]
[Site "Bled"]
[Date "2018.11.19"]
[Round "2.13"]
[White "Kiefer, Gerhard"]
[Black "Praznik, Anton"]
[Result "1/2-1/2"]
[WhiteElo "2306"]
[BlackElo "2104"]
[PlyCount "129"]
[EventDate "2018.11.18"]

1. e4 d6 2. d4 Nf6 3. Nc3 g6 4. f4 Bg7 5. Nf3 c5 6. dxc5 Qa5 7. Bd3 Qxc5 8. Qe2
O-O 9. Be3 Qa5 10. O-O Bg4 11. a3 Nc6 12. Rab1 Nd7 13. b4 Qd8 14. Qd2 Bxf3 15.
Rxf3 Nd4 16. Rh3 Rc8 17. Ne2 Nxe2+ 18. Qxe2 e6 19. c4 b6 20. Rd1 Qe7 21. g4
Rcd8 22. g5 f5 23. exf5 exf5 24. Qf2 Rfe8 25. Bc2 Nf8 26. Ba4 Qe4 27. Bxe8 Rxe8
28. Bd4 Ne6 29. Bxg7 Nxf4 30. Qf3 Nxh3+ 31. Qxh3 Kxg7 32. Qc3+ Kg8 33. Qd4
Qxd4+ 34. Rxd4 Re6 35. Kf2 Kf8 36. h4 Kf7 37. Rd5 Ke7 38. h5 Re5 39. hxg6 hxg6
40. Rd4 f4 41. Rxf4 Rxg5 42. Rh4 Rh5 43. Rg4 Kf6 44. Rd4 Ke5 45. Rg4 g5 46. Kg3
a5 47. bxa5 bxa5 48. a4 Ke6 49. Re4+ Kd7 50. Rd4 Rh4 51. Rd5 Rxc4 52. Rxa5 g4
53. Ra8 Kc7 54. a5 Kb7 55. Rg8 Rc5 56. Rxg4 Rxa5 57. Kf3 Kc6 58. Ke3 Ra3+ 59.
Kd2 Kc5 60. Rh4 d5 61. Rg4 Rh3 62. Rf4 Kd6 63. Rg4 Ke5 64. Ra4 d4 65. Ra8
1/2-1/2

[Event "28th WSCC2018 - Open 65+"]
[Site "Bled"]
[Date "2018.11.19"]
[Round "2.14"]
[White "Sorensen, Bent"]
[Black "Buchal, Stephan"]
[Result "0-1"]
[WhiteElo "2103"]
[BlackElo "2288"]
[PlyCount "53"]
[EventDate "2018.11.18"]

1. Nf3 g6 2. d4 Bg7 3. e4 d6 4. Nc3 Nf6 5. Be2 O-O 6. O-O c6 7. Be3 Qc7 8. Qd2
b5 9. a3 Bg4 10. Rfd1 Nbd7 11. Ne1 Bxe2 12. Qxe2 Rfe8 13. Nd3 a6 14. f4 e5 15.
Qf3 Ng4 16. fxe5 Nxe3 17. Qxe3 Qa7 18. Ne2 dxe5 19. c3 Re7 20. Nf2 exd4 21.
cxd4 c5 22. Rac1 cxd4 23. Nxd4 Ne5 24. a4 bxa4 25. Qa3 Rd7 26. Qc3 Rad8 27. Qa3
0-1

[Event "28th WSCC2018 - Open 65+"]
[Site "Bled"]
[Date "2018.11.19"]
[Round "2.15"]
[White "Pritchett, Craig W"]
[Black "Pastor Alonso De Prado, Alberto"]
[Result "1/2-1/2"]
[WhiteElo "2286"]
[BlackElo "2102"]
[PlyCount "123"]
[EventDate "2018.11.18"]

1. e4 e5 2. Nf3 Nc6 3. Bb5 d6 4. d4 Bd7 5. Nc3 Nf6 6. O-O Be7 7. Re1 exd4 8.
Nxd4 O-O 9. Bxc6 bxc6 10. Qf3 c5 11. Nf5 Bxf5 12. Qxf5 Qc8 13. Qxc8 Raxc8 14.
e5 dxe5 15. Rxe5 Bd6 16. Re1 Rb8 17. Rb1 Rb4 18. Bg5 Re8 19. Rxe8+ Nxe8 20. Re1
Kf8 21. Bc1 f5 22. b3 Nf6 23. g3 Rb8 24. Kg2 Kf7 25. Kf3 c4 26. Bb2 g5 27. h3
h5 28. Rd1 g4+ 29. hxg4 hxg4+ 30. Kg2 Be5 31. Na4 Bxb2 32. Nxb2 cxb3 33. axb3
Ke6 34. Ra1 Ne4 35. Rxa7 c5 36. Nd3 Kd5 37. Rf7 Ke6 38. Rh7 Ra8 39. Rh6+ Ke7
40. f3 Nf6 41. fxg4 fxg4 42. Rh1 Ra2 43. Re1+ Kd6 44. Re2 Nd5 45. Ne1 Ra1 46.
Kh2 Rd1 47. Ng2 Rd4 48. Rf2 c4 49. bxc4 Nb6 50. Ne3 Re4 51. Rf6+ Kc5 52. Ng2
Nxc4 53. Kg1 Re2 54. Rf2 Re4 55. Rf4 Re2 56. Rf2 Re4 57. Rf4 Re2 58. Rxg4 Rxc2
59. Rg8 Kd4 60. Rc8 Ra2 61. g4 Ne5 62. Rf8 1/2-1/2

[Event "28th WSCC2018 - Open 65+"]
[Site "Bled"]
[Date "2018.11.19"]
[Round "2.16"]
[White "Nickel, Arno"]
[Black "Maryasin, Boris"]
[Result "0-1"]
[WhiteElo "2100"]
[BlackElo "2284"]
[PlyCount "144"]
[EventDate "2018.11.18"]

1. d4 Nf6 2. Nf3 e6 3. e3 b6 4. b3 Bb7 5. Bb2 Bb4+ 6. c3 Be7 7. Nbd2 O-O 8. Bd3
d5 9. Qc2 c5 10. O-O Nc6 11. Rac1 Rc8 12. Qb1 h6 13. a3 Bd6 14. Rfd1 Qe7 15.
dxc5 bxc5 16. c4 d4 17. Re1 dxe3 18. fxe3 Bb8 19. Rcd1 Ng4 20. h3 Nge5 21. Bh7+
Kh8 22. Be4 f5 23. Nxe5 Nxe5 24. Bxb7 Qxb7 25. Bxe5 Bxe5 26. Nf1 Rfd8 27. Rd3
Rxd3 28. Qxd3 Rb8 29. Rb1 a5 30. Nd2 Qc7 31. Nf3 Rd8 32. Qc2 Bg3 33. Rd1 Kh7
34. Rxd8 Qxd8 35. Nd2 Qf6 36. Qc1 Be5 37. Nf1 Bb2 38. Qd2 Bxa3 39. Qxa5 Bb4 40.
Qa2 Qe5 41. Qb1 Ba5 42. Qa2 Bc7 43. Qb1 Bd8 44. Qd3 Bg5 45. Kf2 Qb2+ 46. Kg1
Bh4 47. g3 Bf6 48. Nd2 Be5 49. Nf1 Bf6 50. Qd1 Qc3 51. h4 Qe5 52. h5 Bg5 53.
Qd3 Qa1 54. g4 Qe5 55. gxf5 exf5 56. Kg2 Bh4 57. Kh3 Be1 58. Qb1 Bf2 59. Qd3
Qf6 60. Kg2 Be1 61. Kf3 Qg5 62. Ke2 Bh4 63. Qd5 Qxh5+ 64. Kd2 Be7 65. Qe5 Bf6
66. Qxc5 Qf3 67. Ng3 Qxg3 68. Qxf5+ Qg6 69. e4 h5 70. c5 Qxf5 71. exf5 Kh6 72.
b4 Kg5 0-1

[Event "28th WSCC2018 - Open 65+"]
[Site "Bled"]
[Date "2018.11.19"]
[Round "2.17"]
[White "Zhelesny, Stanislav"]
[Black "Ackermann, Hans Werner"]
[Result "0-1"]
[WhiteElo "2079"]
[BlackElo "2272"]
[PlyCount "140"]
[EventDate "2018.11.18"]

1. Nf3 d6 2. d4 g6 3. g3 Bg7 4. Bg2 Nc6 5. c3 Nf6 6. O-O O-O 7. Na3 a6 8. Re1
Qe8 9. d5 Nb8 10. e4 Nfd7 11. Nc4 e5 12. dxe6 fxe6 13. Be3 Nc6 14. Nd4 Nde5 15.
Nxe5 Nxe5 16. Qe2 Nf7 17. Rac1 e5 18. Nc2 Be6 19. b3 a5 20. c4 b6 21. f4 Rb8
22. Rf1 Nd8 23. g4 exf4 24. Rxf4 Rxf4 25. Bxf4 Nc6 26. h3 Be5 27. Bxe5 dxe5 28.
Qf2 Qf8 29. Rf1 Qxf2+ 30. Rxf2 Rf8 31. Rd2 Kf7 32. Ne3 Ke7 33. Nc2 Rd8 34. Rxd8
Nxd8 35. Kf2 Kd6 36. Bf1 Nf7 37. Ke3 Bd7 38. Be2 Ng5 39. h4 Nf7 40. g5 h6 41.
gxh6 Nxh6 42. a3 Ng8 43. b4 c5 44. bxa5 bxa5 45. Kd3 Nf6 46. Ne3 Be6 47. Nd5
Bxd5 48. cxd5 Kc7 49. Bf3 Ne8 50. h5 gxh5 51. Bxh5 Nd6 52. Bf3 Kb6 53. a4 Kc7
54. Kd2 Kd8 55. Kc3 Ke7 56. Kd2 Kf6 57. Ke3 Kg5 58. Be2 Kh4 59. Ba6 Kg3 60. Bb5
Kg2 61. Ba6 c4 62. Ke2 Kg3 63. Ke3 Kg4 64. Bb5 Kg5 65. Ba6 Kf6 66. Ke2 Ke7 67.
Kd1 Nxe4 68. Bxc4 Nc3+ 69. Kd2 Nxa4 70. Be2 Kd6 0-1

[Event "28th WSCC2018 - Open 65+"]
[Site "Bled"]
[Date "2018.11.19"]
[Round "2.18"]
[White "Van Riemsdijk, Herman C"]
[Black "Toefferl, Heimo"]
[Result "1-0"]
[WhiteElo "2270"]
[BlackElo "2082"]
[PlyCount "67"]
[EventDate "2018.11.18"]

1. e4 e6 2. d4 d5 3. Nc3 Bb4 4. e5 b6 5. Qg4 Bf8 6. Nf3 Qd7 7. Bb5 c6 8. Be2
Ne7 9. h4 h5 10. Qh3 Ba6 11. Bg5 Nf5 12. O-O-O Bb4 13. Bxa6 Nxa6 14. Ne2 c5 15.
c3 Ba5 16. Ng3 g6 17. Nxf5 gxf5 18. Bf6 Rg8 19. Ng5 Rc8 20. Kb1 Qa4 21. Qd3 Nb8
22. Qe2 Rc7 23. Qxh5 cxd4 24. Nxe6 Rxc3 25. bxc3 Bxc3 26. Nc7+ Kd7 27. Qxf7+
Kc6 28. Qxd5+ Kxc7 29. Qxg8 Qc6 30. Rxd4 Bxd4 31. Qd8+ Kb7 32. Qxd4 Qxg2 33.
Rc1 a5 34. e6 1-0

[Event "28th WSCC2018 - Open 65+"]
[Site "Bled"]
[Date "2018.11.19"]
[Round "2.19"]
[White "Mayer, Roland"]
[Black "Werner, Clemens"]
[Result "1/2-1/2"]
[WhiteElo "2076"]
[BlackElo "2266"]
[PlyCount "37"]
[EventDate "2018.11.18"]

1. e4 c5 2. c3 g6 3. d4 cxd4 4. cxd4 d5 5. e5 Nc6 6. Nc3 Bg7 7. Be3 Nh6 8. f4
O-O 9. Nf3 Bg4 10. h3 Bxf3 11. Qxf3 Nf5 12. O-O-O Nxe3 13. Qxe3 Qa5 14. Kb1 e6
15. g4 Rfc8 16. Rh2 a6 17. h4 Rc7 18. h5 Rac8 19. hxg6 1/2-1/2

[Event "28th WSCC2018 - Open 65+"]
[Site "Bled"]
[Date "2018.11.19"]
[Round "2.20"]
[White "Boehnisch, Manfred"]
[Black "Rositsan, Boris"]
[Result "1-0"]
[WhiteElo "2261"]
[BlackElo "2077"]
[PlyCount "75"]
[EventDate "2018.11.18"]

1. e4 c5 2. Nf3 Nc6 3. Bb5 g6 4. O-O Bg7 5. Re1 Nf6 6. c3 Qb6 7. Na3 O-O 8. e5
Ne8 9. d4 cxd4 10. cxd4 d5 11. h3 Bf5 12. Bg5 f6 13. exf6 Nxf6 14. Bxc6 bxc6
15. Rxe7 Qxb2 16. Qc1 Rfb8 17. Ne5 Ne4 18. Qxb2 Rxb2 19. Bc1 Rxf2 20. Nxc6 Re2
21. Nb5 a6 22. Nc7 Rc8 23. Bf4 Bf8 24. g4 Bxe7 25. Nxe7+ Kf7 26. Nxc8 Bxc8 27.
Rf1 Kg7 28. Be5+ Kh6 29. Rf8 Bd7 30. Rf7 Bb5 31. Nxb5 axb5 32. h4 Re1+ 33. Kg2
g5 34. h5 Re2+ 35. Kf1 Rf2+ 36. Rxf2 Nxf2 37. Kxf2 b4 38. Bd6 1-0

[Event "28th WSCC2018 - Open 65+"]
[Site "Bled"]
[Date "2018.11.19"]
[Round "2.21"]
[White "Lederman, Leon"]
[Black "Anguera Maestro, Jaime"]
[Result "1-0"]
[WhiteElo "2255"]
[BlackElo "2072"]
[PlyCount "91"]
[EventDate "2018.11.18"]

1. e4 e5 2. Nf3 Nc6 3. Bb5 a6 4. Ba4 d6 5. c3 Bd7 6. d4 Nge7 7. Nbd2 g6 8. dxe5
dxe5 9. Nf1 Bg7 10. Bg5 h6 11. Be3 O-O 12. Bc5 b5 13. Bc2 Be6 14. Ne3 Qxd1+ 15.
Rxd1 Rfd8 16. Ke2 Bf8 17. a4 Rab8 18. Rxd8 Rxd8 19. axb5 axb5 20. Ra1 Nc8 21.
b4 Bxc5 22. bxc5 N8e7 23. Rb1 f5 24. Bd3 f4 25. Nc2 Bc4 26. Bxc4+ bxc4 27. Nb4
Ra8 28. Nd2 Ra5 29. Nxc4 Rxc5 30. Kd3 Na5 31. Nd2 Kf7 32. c4 Ke6 33. Ra1 Nac6
34. Na6 Ra5 35. Nxc7+ Kd7 36. Rxa5 Nxa5 37. Nd5 Nec6 38. c5 Ke6 39. Kc3 g5 40.
Nb4 h5 41. Nxc6 Nxc6 42. Kc4 g4 43. Kb5 Nd4+ 44. Kb6 Kd7 45. Nc4 Nc6 46. h4 1-0

[Event "28th WSCC2018 - Open 65+"]
[Site "Bled"]
[Date "2018.11.19"]
[Round "2.22"]
[White "Giffard, Nicolas"]
[Black "Hohler, Peter"]
[Result "0-1"]
[WhiteElo "2249"]
[BlackElo "2048"]
[PlyCount "92"]
[EventDate "2018.11.18"]

1. d4 Nf6 2. c4 e6 3. Nf3 b6 4. a3 Bb7 5. Nc3 d5 6. cxd5 Nxd5 7. Qc2 Be7 8. Bd2
Nd7 9. e4 Nxc3 10. Bxc3 O-O 11. O-O-O Qc8 12. h4 c5 13. d5 exd5 14. exd5 Bf6
15. Ng5 g6 16. Nxh7 Kxh7 17. h5 Kg7 18. hxg6 fxg6 19. Qd2 Rh8 20. Rxh8 Qxh8 21.
g4 Bxc3 22. Qxc3+ Kf7 23. Qg3 Qe5 24. f4 Qd6 25. g5 Nf8 26. Bg2 Re8 27. Rf1 Bc8
28. Kb1 Bf5+ 29. Ka1 b5 30. Rc1 c4 31. Qc3 Rb8 32. Qe5 Rd8 33. b4 a5 34. Qxd6
Rxd6 35. bxa5 Ra6 36. Kb2 Rxa5 37. Ra1 Ke7 38. Kc3 Ra4 39. Kd4 Kd6 40. Bf3 b4
41. Kxc4 bxa3+ 42. Kb5 Ra8 43. Bd1 a2 44. Bb3 Bb1 45. Kc4 Ra3 46. Kb4 Rxb3+ 0-1

[Event "28th WSCC2018 - Open 65+"]
[Site "Bled"]
[Date "2018.11.19"]
[Round "2.23"]
[White "Vepkhvishvili, Varlam"]
[Black "Herbrechtsmeier, Christof"]
[Result "1-0"]
[WhiteElo "2073"]
[BlackElo "2247"]
[PlyCount "103"]
[EventDate "2018.11.18"]

1. e4 c5 2. Nf3 Nc6 3. d4 cxd4 4. Nxd4 g6 5. Nc3 Bg7 6. Be3 Nf6 7. Be2 O-O 8.
O-O d5 9. exd5 Nb4 10. Qd2 Nbxd5 11. Nxd5 Nxd5 12. Bh6 e5 13. Bxg7 Kxg7 14. Nf3
Nf4 15. Qe3 Qc7 16. c3 f6 17. Rfe1 Rd8 18. Rad1 Nd5 19. Qc1 Be6 20. Bf1 Bg4 21.
Rd3 Nf4 22. Rxd8 Rxd8 23. Nd2 Bf5 24. g3 Nd3 25. Bxd3 Rxd3 26. Nf1 Bh3 27. Ne3
Qc6 28. Qc2 Qd7 29. Rd1 e4 30. f3 Rxd1+ 31. Qxd1 exf3 32. Kf2 Qxd1 33. Nxd1 Be6
34. b3 Bd5 35. Ne3 Be4 36. Nc4 f5 37. Nd2 Kf6 38. Nxf3 Bxf3 39. Kxf3 Ke5 40. c4
g5 41. Ke3 h6 42. h4 a6 43. h5 a5 44. a3 b6 45. b4 a4 46. Kd3 f4 47. g4 f3 48.
Ke3 f2 49. Kxf2 Kd4 50. c5 bxc5 51. b5 Kd5 52. Ke3 1-0

[Event "28th WSCC2018 - Open 65+"]
[Site "Bled"]
[Date "2018.11.19"]
[Round "2.24"]
[White "Leskovar, Mario"]
[Black "Archangelsky, Mikhail"]
[Result "1/2-1/2"]
[WhiteElo "2242"]
[BlackElo "2043"]
[PlyCount "110"]
[EventDate "2018.11.18"]

1. b3 e5 2. Bb2 Nc6 3. e3 Nf6 4. Bb5 Bd6 5. Ne2 a6 6. Bxc6 dxc6 7. d3 O-O 8.
Nd2 Qe7 9. a3 a5 10. Nc4 b5 11. Nxd6 cxd6 12. a4 b4 13. Ng3 Bg4 14. f3 Bd7 15.
e4 Ne8 16. Qe2 c5 17. O-O Qh4 18. Qe3 Nf6 19. Bc1 h6 20. Bd2 Rae8 21. Rf2 g5
22. Raf1 Nh5 23. Nxh5 Qxh5 24. g4 Qg6 25. h4 f6 26. Rh2 Kg7 27. Kg2 Rh8 28.
Rfh1 Qf7 29. Kg3 Reg8 30. Rh3 Qf8 31. Qe2 Be8 32. Qh2 Bg6 33. Be3 Qb8 34. Kf2
Qf8 35. Ke1 Qb8 36. Qd2 Qd8 37. Kd1 Bf7 38. Kc1 Qc8 39. Kb2 Qd8 40. Qh2 Bg6 41.
Bd2 Qb8 42. Ka2 Rc8 43. Be3 Rce8 44. Qd2 Qd8 45. Kb2 Reg8 46. Kc1 Bf7 47. Kb2
Re8 48. Qh2 Bg6 49. Bd2 Qb8 50. Ka2 Reg8 51. Be1 Re8 52. c3 bxc3 53. Bxc3 Bf7
54. Qc2 Qb6 55. hxg5 hxg5 1/2-1/2

[Event "28th WSCC2018 - Open 65+"]
[Site "Bled"]
[Date "2018.11.19"]
[Round "2.25"]
[White "Pfitzer, Norbert"]
[Black "Franzen, Jozef"]
[Result "0-1"]
[WhiteElo "2066"]
[BlackElo "2239"]
[PlyCount "84"]
[EventDate "2018.11.18"]

1. Nf3 Nf6 2. g3 g6 3. Bg2 Bg7 4. O-O O-O 5. d4 d6 6. c4 c6 7. Nc3 Nbd7 8. e4
e5 9. b3 exd4 10. Nxd4 Nc5 11. f3 Re8 12. Be3 a5 13. Qd2 Nfd7 14. Rad1 Ne5 15.
Qc2 Qe7 16. Rfe1 h5 17. Nde2 h4 18. Qd2 hxg3 19. hxg3 Ned3 20. Rf1 a4 21. Nd4
axb3 22. axb3 Ne5 23. Ra1 Bd7 24. Nce2 Rxa1 25. Rxa1 Nxb3 26. Nxb3 Nxc4 27. Qc1
Nxe3 28. Qxe3 Bxa1 29. Nxa1 Ra8 30. Nc2 Ra2 31. Qd3 Qe5 32. Nc3 Rb2 33. Ne2 Be6
34. Kf2 Qc5+ 35. Ne3 b5 36. Bf1 Bc4 37. Qd1 b4 38. f4 b3 39. Kf3 Ra2 40. Nxc4
Qxc4 41. Nc1 Qc3+ 42. Bd3 Rd2 0-1

[Event "28th WSCC2018 - Open 65+"]
[Site "Bled"]
[Date "2018.11.19"]
[Round "2.26"]
[White "Hardicsay, Peter"]
[Black "Hjertenes, Oystein"]
[Result "1/2-1/2"]
[WhiteElo "2223"]
[BlackElo "2037"]
[PlyCount "40"]
[EventDate "2018.11.18"]

1. e4 g6 2. d4 Bg7 3. Nc3 c6 4. Nf3 d5 5. h3 dxe4 6. Nxe4 Nf6 7. Nxf6+ exf6 8.
c3 O-O 9. Be2 Re8 10. O-O Nd7 11. Re1 Nf8 12. Be3 Bf5 13. Bd3 Qd7 14. Qc2 Bxd3
15. Qxd3 Rad8 16. Rad1 b6 17. Qc2 Ne6 18. b3 Bf8 19. Bc1 Ng7 20. Bh6 Nf5
1/2-1/2